000 00559nam a2200181Ia 4500
005 20250508163359.0
008 008 250505s9999 xx 000 0 eng d
037 _aBooks to be hide in OPAC
040 _aFEDL
_beng
_cFEDL
041 _aeng
_2eng
084 _a372, NCE
_qFEDL
245 0 _aSome salient aspects of primary education
245 0 _cNCERT (New Delhi India)
260 _aNew Delhi, India
_bNational Council of Educational Research and Training
_c1977
300 _aiv,48p
942 _cHB
_h372, NCE
999 _c1382688
_d1382688